000 00669nam a2200253Ia 4500
003 OSt
005 20221006160835.0
006 a|||||r|||| 00| 0
007 ta
008 221006b |||||||| |||| 00| 0 eng d
020 _a9788970416892
_cRs. 30.000
024 _a46,564
037 _cTextual
040 _aEASL
_cEASL
_beng
041 _2eng
_aeng
082 _aY:1.495, Q6
100 _aJUNGWHA Choi
_9675219
245 0 _aK-Style
_b Living the Korean way of life.
260 _aSeoul
_bDesignhouse Korean
_c2016
300 _a251p.
_ccm.
490 _v KEL
942 _hY:1.495, Q6
_cTEXL
_2CC
999 _c1114654
_d1114654